| 000 | 01089cam a22002055a 4500 | ||
|---|---|---|---|
| 001 | L141187 | ||
| 008 | 071102s1868 xxk eng u | ||
| 035 | _a(Sirsi) u141187 | ||
| 041 | 0 | _aeng | |
| 100 | 1 | _aHall, William | |
| 245 | 0 | 0 |
_aMillford Mill... _bcatalogue of useful live stock, impelments [sic], household furniture, the mill requisites, bags etc. to be sold by auction by Mr William Hall on Friday March 6th, 1868 |
| 260 |
_aS.l. _bs.n. _c[1868] _e(Shrewsbury _fF. A. Jones) |
||
| 300 |
_a1 sheet _c44 x 50 cm., folded to 25 x 22 cm. _e+ 1 sheet (17 x 7 cm.) |
||
| 340 | _aPrinted | ||
| 351 | _aSingle item | ||
| 500 | _aItem is accompanied by a handwritten note dated 2 March 1868 which states 'Compared this with the Exor'ship inventory - There appears to be a great deal more furniture, vessels implements etc. than is in the exor'ship inventory'. Items which were in the executorship inventory have been marked with a cross on the printed sheet. | ||
| 651 | 4 | _aShropshire | |
| 690 | _aPROPERTY ACQUISITION AND DISPOSAL-ACQUISITION AND DISPOSAL AT AUCTION | ||
| 942 | _n0 | ||
| 999 |
_c116652 _d116652 |
||